FNF Songs - Statistics

General Stats
  • This quiz has been taken 8 times
  • The average score is 11 of 20
Answer Stats
Rank Mod Song % Correct
17 Sky Manifest
83%
14 Garcello Release
83%
20 Bob Run
83%
19 Week 7 Ugh
83%
6 Week 3 Blammed
67%
15 Carol Carol Roll
67%
7 Tord Norway
67%
11 Whitty Overhead
67%
4 Week 2 Spookeez
67%
5 Impostor Sussus Moogus
67%
12 Week 5 Winter Horrorland
67%
16 Mid Fight Masses Worship
67%
8 Starlight Mayhem Artificial Lust
50%
9 Monika High School Conflict
50%
2 Matt Light It Up
50%
13 Friday Night Fever Crucify
33%
10 Kapi Nyaw
33%
18 Starlight Mayhem Inverted Ascension
17%
3 Shaggy Super Saiyan
17%
1 Holiday Week 2 Zanta
17%
No matching quizzes found
Score Distribution
Percent of People with Each Score
Percentile by Number Answered
Your Score History
You have not taken this quiz